A–Z - Formel 1 Fahrer - Statistiken

Allgemein
  • Dieses Quiz wurde 13 mal gespielt
  • Das Durchschnittsergebnis liegt bei 17 aus 25
Antwortstatistiken
Buchstabe Fahrer % Korrekt
A Alonso / Albon / Antonelli / Alesi / Alboreto / Arnoux / Andretti / Ascari / Amon / Alguersuari / Arundell / Allison / Attwood / Anderson / Alliot / Amick / Albers / Ayulo / Agabashian / Arnold / Apicella / Adolff / Andersson / Ader / Ashdown / Aston / Armi / Aitken / Ahrens / Adams / Andrews / Abate / Abecassis / Acheson / Ashmore / Ashley
100%
B Bottas / Button / Barrichello / Berger / Brabham / Boutsen / Brundle / Beltoise / Brooks / Bearman / Bandini / Behra / Bonnier / Blundell / Buemi / Bortoleto / Bryan / Bonetto / Brambilla / Baghetti / Bettenhausen / Bernard / Bira / Bianchi / Bourdais / Baldi / Boyd / Bellof / Branson / Bondurant / Boullion / Ball / Bayol / Brown / Barbazza / Bucknum / Bailey / Bell / Borgudd / Brise / Baumgartner / Blignaut / Blanchard / Brudes / Beauman / Bassi / Bertaggia / Barber / Blokdyk / Balsa / Bridger / Bonomi / Bisch / Biondetti / Bauer / Botha / Boffa / Bleekemolen / Broeker / Bueno / Birger / Bechem / Belsø / Byrne / Branca / Banks / Brack / Bussinello / Bianco / Bristow / Brandon / Bueb / Bucci / Barth / Belmondo / Berg / Barilla / Beretta / Binder / Burti / Bruni / Burgess / Boesel / Bernoldi / Beuttler / Badoer
100%
F Fittipaldi / Fangio / Fisichella / Frentzen / Farina / Fagioli / Fabi / Frère / Fischer / Flaherty / Fairman / Follmer / Flockhart / Freeland / Friesacher / Faulkner / Firman / Fohr / Fry / Fotheringham-Parker / Flinterman / Forberg / Fitzau / Force / Forini / Fonder / Fitch / Fisher / Foyt / Fontana / Foitek / Fabre
100%
H Hamilton / Hülkenberg / Häkkinen / Hill / Heidfeld / Hulme / Hunt / Hawthorn / Herbert / Hadjar / Hailwood / Hanks / Herrmann / Holland / Hartley / Hall / Hansgen / Homeier / Hutchison / Harris / Hasemi / Hart / Hurtubise / Hocking / Heeks / Hahne / Hampshire / Hoshino / Holmes / Hellings / Hoffmann / Helfrich / Hayje / Hawkins / Harrison / Hoyt / Herman / Hirt / Hobbs / Halford / Haryanto / Hesnault / Henton
100%
L Leclerc / Lauda / Laffite / Lawson / Liuzzi / Lewis-Evans / Latifi / Larini / Love / Linden / Lindblad / Lewis / Lang / Landi / Lederle / Ligier / Lamy / Lombardi / Larreta / Loyer / La Caze / Loof / Levrett / Lucas / Lotterer / Larrousse / Lippi / Legat / Leoni / Lawrence / Leston / Laurent / Lagorce / Louveau / Larson / Lees / Levegh / Lavaggi / Leclère / Lovely / Larrauri / Lammers / Lunger
100%
P Pérez / Piastri / Prost / Piquet / Patrese / Peterson / Pironi / Panis / Petrov / Pace / Pryce / Parkes / Palmer / Parsons / Pescarolo / Parnell / Pizzonia / Perdisa / Poore / Pirro / Pilette / Perez-Sala / Prinoth / Palm / Perrot / Pozzi / Pon / Pagani / Peters / Picard / Posey / Penske / Pease / Pieterse / Prophet / Pirocchi / Piper / Pesenti-Rossi / Pretorius / Paletti / Pietsch / Pollet / Piotti / Papis / Purley / Perkins / Pantano / Pic
100%
R Räikkönen / Rosberg / Ricciardo / Russell / Reutemann / Regazzoni / Rindt / Rodríguez / Revson / Rathmann / Rosier / Rebaque / Ruttman / Russo / Redman / Rose / Ramos / Ryan / Rigsby / Riess / Raphanel / Ratzenberger / Rhodes / Roos / Reed / Riseley-Prichard / Reventlow / Rahal / Ruby / Rees / Robarts / Rolt / Raby / Rossi / Rol / Reece / Ribeiro / Rothengatter / Rosset
100%
S Schumacher / Sainz / Senna / Stewart / Stroll / Scheckter / Surtees / Sutil / Siffert / Sato / Salo / Schell / Stuck / Spence / Salvadori / Scarfiotti / Surer / Stommelen / Streiff / Servoz-Gavin / Sweikert / Suzuki / Schenken / Serafini / Sommer / Sanesi / Salazar / Sullivan / Scarlatti / Serra / Sirotkin / Sargeant / Shelly / Slotemaker / Schlesser / Scherrer / Scotti / Said / Sarrazin / Seiffert / Sparken / Schoeller / Schroeder / Serrurier / Schiller / Starrabba / Scarborough / Schindler / Sutton / Scott / Sachs / Stevenson / Schiattarella / Sharp / Soler-Roig / Stacey / Swaters / Solana / Shelby / Schneider / Schuppan / Stohr / Settember / Seidel / Simon / Stevens / Speed
100%
V Verstappen / Vettel / Villeneuve / von Trips / Vergne / Villoresi / Vandoorne / Vukovich / Van Lennep / van Rooyen / Vonlanthen / Von Stuck / Volonterio / Vaccarella / Veith / von Opel
100%
M Massa / Mansell / Montoya / Magnussen / McLaren / Moss / Maldonado / Mass / Musso / Maggs / Martini / Modena / Manzon / Moreno / Mieres / Merzario / McGrath / Menditeguy / Morbidelli / Marimón / Mairesse / Monteiro / Mantovani / Maglioli / Mitter / Moser / Miles / Milhoux / Mantz / McRae / MacDowel / Mackey / Monteverdi / Monarch / McCarthy / Morgan / MacKay-Fraser / Mazet / Montgomerie-Charrington / Magee / Mayer / Martin / McCoy / Miller / McWithey / Marr / McDowell / Magill / Murray / Munaron / May / McAlpine / Montagny / Marsh / Marko / Merhi / Macklin / Migault / McNish / Montermini / Mazepin / Mazzacane / Marques
92%
C Coulthard / Clark / Cevert / Cheever / Collins / Capelli / Courage / Castellotti / Colapinto / Cross / Comas / Carter / Caffi / Cabantous / Chiron / Cabianca / Chitwood / Chaboud / Cecotto / Cannon / Cantrell / Constantine / Chamberlain / Chimeri / Crockett / Craft / Cordts / Clapham / Creus / Cruz / Crook / Comotti / Crawford / Crossley / Connor / Cantoni / Carini / Chiesa / Cheesbourg / Collomb / Cabral / Christie / Campbell-Jones / Chandhok / Charlton / Campos / Claes / Chilton
83%
G Gasly / Grosjean / Gurney / Ginther / González / Glock / Gregory / Giovinazzi / Gendebien / Guanyu / Giacomelli / Gethin / Ganley / Gugelmin / Goldsmith / Godia / Gutierrez / Gené / Gachot / Green / Giunti / Gálvez / Gould / Ghinzani / Gerini / Grouillard / Goethals / Guerra / Guelfi / Gamble / Grignard / Gordini / George / Grim / Garrett / Gaillard / Gibson / Griffith / Gaze / Gabbiani / Greene / Gerard / Gartner / Gardner / Gounon / Galli / Guerrero
83%
N Norris / Nannini / Nilsson / Nasr / Nakajima / Nazaruk / Nakano / Nicholson / Natili / Niemann / Nuckey / Niedermayr / Needell / Noda / Nalon / Niday / Naspetti / Naylor / Nève
83%
I Irvine / Ickx / Ireland / Irwin / Iglesias / Ide / Inoue
67%
K Kubica / Kvyat / Kobayashi / Kovalainen / Kling / Klien / Karthikeyan / Katayama / Kinnunen / Kuhnke / Klenk / Kladis / Karch / Krause / Kelly / Koinigg / Klodwig / Keizan / Kessel / Kiesa / Keller / Keegan
67%
O Ocon / Oliver / Owen / O'Brien / Ongais / O'Connor
67%
T Trulli / Tsunoda / Tambay / Trintignant / Taruffi / Thomson / Taylor / Thompson / Tarquini / Tunmer / Thorne / Tingelstad / Takahashi / Titterington / Thiele / Takahara / Thackwell / Teague / Templeman / Tolan / Turner / Tingle / Tuero / Takagi
67%
W Webber / Watson / Warwick / Wurz / Ward / Wendlinger / Wisell / Wallard / Wehrlein / Whitehead / Wharton / Winkelhock / Wilson / Weidler / Westbury / Weiler / Williams / Whitehouse / Walter / Widdows / Williamson / Wietzes / Wilds / Wunderink / Wacker / Weyant / Walker / Webb
67%
D Depailler / de Angelis / di Resta / de Cesaris / de la Rosa / Daly / da Matta / Diniz / de Graffenried / Donohue / de Adamich / Davies / de Portago / de Beaufort / Danner / Dumfries / de Vries / der Lof / Dolhem / der Vyver / Duncan / Duke / Drogo / Drake / de Vos / Driver / de Villota / de Terra / Daponte / de Tornaco / de Tomaso / Downing / d'Orey / Daigh / Délétraz / de Filippis / Davis / Dinsmore / de Klerk / Daywalt / de Poele / Doohan / Doornbos / Donnelly / di Grassi / der Garde / d'Ambrosio / Davidson / Dalmas
42%
J Jones / Johansson / Jarier / Jabouille / Jr / Järvilehto / Johnson / James / Jean / Johnstone / Jover / Jackson
42%
Z Zonta / Zorzi / Zanardi / Zunino
33%
Y Yoong / Yamamoto
17%
E Ericsson / Elford / England / Edmunds / Emery / Estéfano / Enge / Elisian / Evans / Edwards / Eaton / Ertl / Étancelin
8%
Q Quester
8%
U Unser / Ulmen / Uria
0%
Keine übereinstimmenden Quizze gefunden
Verteilung der Resultate
Anzahl Personen mit jedem Resultat
Perzentil nach korrekt beantworteten Fragen
Ihre Resultats-Entwicklung
Sie haben dieses Quiz noch nicht gespielt